| 000 | 00775nam a2200217Ia 4500 | ||
|---|---|---|---|
| 001 | 2426 | ||
| 003 | GE_BSU | ||
| 008 | 181216s||||||||xx |||||||||||||| ||und|| | ||
| 020 | _a9994020978 | ||
| 040 | _cGE_BSU | ||
| 080 | _a327 | ||
| 245 | _aსაგარეო პოლიტიკა და დიპლომატია I. | ||
| 245 | _c[რემთ. რედ. ზაზა მენთეშაშვილი] | ||
| 260 | _aთბილისი | ||
| 260 | _bივ.ჯავახიშვილის სახ. თბილისის სახ. უნ–ტი | ||
| 260 | _c2004 | ||
| 300 | _a720 გვ. | ||
| 541 | _h20 ლ. | ||
| 653 | _aსაგარეო პოლიტიკა და დიპლომატია I. | ||
| 942 | _cBK | ||
| 999 |
_c36508 _d36508 |
||